| 000 | 00567cam a2200205 4500 | ||
|---|---|---|---|
| 001 | ABS65915 | ||
| 008 | 020930n2002 000 0 eng u | ||
| 035 | _a(Sirsi) u119931 | ||
| 245 | _aCity, City fringe and Docklands | ||
| 260 | _c2002 | ||
| 490 |
_aProperty Week _v67(36) 20 September 2002, 61-84(7) |
||
| 590 | _aABS | ||
| 650 | _aCITY OF LONDON | ||
| 650 | _aCITY FRINGE | ||
| 650 | _aDOCKLANDS | ||
| 650 | _aPROPERTY INVESTMENT | ||
| 650 | _aSPECULATIVE DEVELOPMENT | ||
| 690 | _aPROPERTY-COMMERCIAL PROPERTY-COMMERCIAL PROPERTY MARKET | ||
| 942 | _n0 | ||
| 999 |
_c71255 _d71255 |
||